<?xml version="1.0" encoding="UTF-8"?>
<record
    xmlns:xsi="http://www.w3.org/2001/XMLSchema-instance"
    xsi:schemaLocation="http://www.loc.gov/MARC21/slim http://www.loc.gov/standards/marcxml/schema/MARC21slim.xsd"
    xmlns="http://www.loc.gov/MARC21/slim">

  <leader>00309nam a2200133Ia 4500</leader>
  <controlfield tag="008">191201s2019    xx            000 0 und d</controlfield>
  <datafield tag="082" ind1=" " ind2=" ">
    <subfield code="a">174</subfield>
    <subfield code="b">KAH</subfield>
  </datafield>
  <datafield tag="100" ind1=" " ind2=" ">
    <subfield code="a">KANNAN,S</subfield>
  </datafield>
  <datafield tag="245" ind1=" " ind2="0">
    <subfield code="a">Human Values And Professional Ethics</subfield>
  </datafield>
  <datafield tag="260" ind1=" " ind2=" ">
    <subfield code="a">N. Delhi</subfield>
    <subfield code="b">Taxmann,s</subfield>
  </datafield>
  <datafield tag="300" ind1=" " ind2=" ">
    <subfield code="a">180</subfield>
  </datafield>
  <datafield tag="650" ind1=" " ind2=" ">
    <subfield code="a">BBA</subfield>
  </datafield>
  <datafield tag="942" ind1=" " ind2=" ">
    <subfield code="2">ddc</subfield>
    <subfield code="c">BK</subfield>
  </datafield>
  <datafield tag="999" ind1=" " ind2=" ">
    <subfield code="c">4626</subfield>
    <subfield code="d">4626</subfield>
  </datafield>
  <datafield tag="952" ind1=" " ind2=" ">
    <subfield code="0">0</subfield>
    <subfield code="1">0</subfield>
    <subfield code="2">ddc</subfield>
    <subfield code="4">0</subfield>
    <subfield code="7">0</subfield>
    <subfield code="8">BBA</subfield>
    <subfield code="a">PIET</subfield>
    <subfield code="b">PIET</subfield>
    <subfield code="d">2010-08-11</subfield>
    <subfield code="e">The book company</subfield>
    <subfield code="g">165.00</subfield>
    <subfield code="k">IN-2687</subfield>
    <subfield code="l">4</subfield>
    <subfield code="o">170 KAH</subfield>
    <subfield code="p">16191</subfield>
    <subfield code="r">2025-09-29 00:00:00</subfield>
    <subfield code="s">2025-09-15</subfield>
    <subfield code="w">2010-08-07</subfield>
    <subfield code="y">BK</subfield>
  </datafield>
  <datafield tag="952" ind1=" " ind2=" ">
    <subfield code="0">0</subfield>
    <subfield code="1">0</subfield>
    <subfield code="2">ddc</subfield>
    <subfield code="4">0</subfield>
    <subfield code="7">0</subfield>
    <subfield code="8">BBA</subfield>
    <subfield code="a">PIET</subfield>
    <subfield code="b">PIET</subfield>
    <subfield code="d">2010-08-11</subfield>
    <subfield code="e">The book company</subfield>
    <subfield code="g">165.00</subfield>
    <subfield code="k">IN-2687</subfield>
    <subfield code="l">7</subfield>
    <subfield code="o">170 KAH</subfield>
    <subfield code="p">16192</subfield>
    <subfield code="r">2025-09-30 00:00:00</subfield>
    <subfield code="s">2025-09-15</subfield>
    <subfield code="w">2010-08-07</subfield>
    <subfield code="y">BK</subfield>
  </datafield>
  <datafield tag="952" ind1=" " ind2=" ">
    <subfield code="0">0</subfield>
    <subfield code="1">0</subfield>
    <subfield code="2">ddc</subfield>
    <subfield code="4">0</subfield>
    <subfield code="7">0</subfield>
    <subfield code="8">BBA</subfield>
    <subfield code="a">PIET</subfield>
    <subfield code="b">PIET</subfield>
    <subfield code="d">2010-08-11</subfield>
    <subfield code="e">The book company</subfield>
    <subfield code="g">165.00</subfield>
    <subfield code="k">IN-2687</subfield>
    <subfield code="l">4</subfield>
    <subfield code="o">170 KAH</subfield>
    <subfield code="p">16193</subfield>
    <subfield code="r">2025-12-17 00:00:00</subfield>
    <subfield code="s">2025-11-20</subfield>
    <subfield code="w">2010-08-07</subfield>
    <subfield code="y">BK</subfield>
  </datafield>
  <datafield tag="952" ind1=" " ind2=" ">
    <subfield code="0">0</subfield>
    <subfield code="1">0</subfield>
    <subfield code="2">ddc</subfield>
    <subfield code="4">0</subfield>
    <subfield code="7">0</subfield>
    <subfield code="8">BBA</subfield>
    <subfield code="a">PIET</subfield>
    <subfield code="b">PIET</subfield>
    <subfield code="d">2010-08-11</subfield>
    <subfield code="e">The book company</subfield>
    <subfield code="g">165.00</subfield>
    <subfield code="k">IN-2687</subfield>
    <subfield code="l">0</subfield>
    <subfield code="o">170 KAH</subfield>
    <subfield code="p">16194</subfield>
    <subfield code="r">2019-12-04 00:00:00</subfield>
    <subfield code="w">2010-08-07</subfield>
    <subfield code="y">BK</subfield>
  </datafield>
  <datafield tag="952" ind1=" " ind2=" ">
    <subfield code="0">0</subfield>
    <subfield code="1">0</subfield>
    <subfield code="2">ddc</subfield>
    <subfield code="4">0</subfield>
    <subfield code="7">0</subfield>
    <subfield code="8">BBA</subfield>
    <subfield code="a">PIET</subfield>
    <subfield code="b">PIET</subfield>
    <subfield code="d">2010-08-11</subfield>
    <subfield code="e">The book company</subfield>
    <subfield code="g">165.00</subfield>
    <subfield code="k">IN-2687</subfield>
    <subfield code="l">6</subfield>
    <subfield code="o">170 KAH</subfield>
    <subfield code="p">16195</subfield>
    <subfield code="r">2025-09-19 00:00:00</subfield>
    <subfield code="s">2025-09-12</subfield>
    <subfield code="w">2010-08-07</subfield>
    <subfield code="y">BK</subfield>
    <subfield code="z">.</subfield>
  </datafield>
  <datafield tag="952" ind1=" " ind2=" ">
    <subfield code="0">0</subfield>
    <subfield code="1">0</subfield>
    <subfield code="2">ddc</subfield>
    <subfield code="4">0</subfield>
    <subfield code="7">0</subfield>
    <subfield code="8">BBA</subfield>
    <subfield code="a">PIET</subfield>
    <subfield code="b">PIET</subfield>
    <subfield code="d">2010-08-11</subfield>
    <subfield code="e">The book company</subfield>
    <subfield code="g">165.00</subfield>
    <subfield code="k">IN-2687</subfield>
    <subfield code="l">4</subfield>
    <subfield code="o">170 KAH</subfield>
    <subfield code="p">16196</subfield>
    <subfield code="r">2025-01-25 00:00:00</subfield>
    <subfield code="s">2024-12-06</subfield>
    <subfield code="w">2010-08-07</subfield>
    <subfield code="y">BK</subfield>
  </datafield>
</record>
